| 000 | 00696nam a22002057a 4500 | ||
|---|---|---|---|
| 003 | NUST | ||
| 005 | 20220926152933.0 | ||
| 008 | 190721b ||||| |||| 00| 0 eng d | ||
| 015 | _qHard Cover. | ||
| 038 | _aMr. Zahoor | ||
| 082 | _a658 | ||
| 100 |
_aAsif Rehman, Mahrukh _918241 |
||
| 245 |
_aInstitutional Barriers to the Successful Implementation of HRD Policies and Practices in the Telecom(Cellular) Sector of Pakistan / _cMahrukh Asif Rehman |
||
| 260 |
_aIsslamabad: _bMBA - NUST, _c2016. |
||
| 300 |
_a66 p. : ill. ; _c30 cm. |
||
| 650 |
_aMBA Thesis _917629 |
||
| 700 |
_aMr. Asad Amjad _917657 |
||
| 856 | _uhttp://10.250.8.41:8080/xmlui/handle/123456789/2647 | ||
| 942 |
_2ddc _cTHE |
||
| 999 |
_c527132 _d527132 |
||